000 00342nam a2200145Ia 4500
008 150201s2006 xx 000 0 und d
082 _a612.015
_bB06C
100 _aCAMPBELL,P.N
245 _aBIOCHEMISTRY ILLUSTRATED
250 _a5TH
260 _bCHURCHILL
_aEDINBURGH
_c2006
300 _a1-826
650 _aBIOCHEMISTRY
942 _2ddc
_cBK
999 _c361
_d361